Uusimaa-visa - Statistics

Yleistilastot
  • Tätä visaa on pelattu 3 002 kertaa
    1 757 viimeisimmän päivityksen jälkeen
  • Keskiarvotulos 13 / 18
Vastaustilastot
Vihje Vastaus % Oikein
Suomen pääkaupunki Helsinki
100%
Maakunnan toiseksi suurin kaupunki Espoo
99%
Kolmanneksi suurin kaupunki Vantaa
99%
Suomen suurin lentoasema {Helsinki}-{Vantaan} lentoasema
96%
Niemen kärjessä sijaitseva Suomen eteläisin kaupunki Hanko
93%
Uudellamaalla syntynyt Suomen ensimmäinen naispresidentti Tarja Halonen
89%
Vanhasta kaupungistaan tunnettu rannikkokaupunki Porvoo
88%
Maakunta sijaitsee tämän lahden rannalla Suomenlahti
88%
Pääkaupunkiseutua kiertävä kehätie, tunnetaan myös nimellä kantatie 50 {Kehä} {III}
86%
Suomen kirjakielen isä, joka syntyi Pernajassa Mikael Agricola
78%
Saarella sijaitseva maailmanperintökohde Suomenlinna
74%
Kansallispuisto, joka sijaitsee kyseisen kaupungin alueella Nuuksio
72%
Nurmijärveläinen kansalliskirjailija Aleksis Kivi
69%
Alue, joka jouduttiin vuokraamaan Neuvostoliitolle 50 vuodeksi (mutta palautettiin jo 11 vuoden jälkeen) Porkkala
54%
Tasavallan presidentin edustusasunto Presidentinlinna
46%
Maakunnan vaakunassa esiintyvä objekti Vene
45%
Pinta-alaltaan Uudenmaan suurin järvi (vihje: kunnan nimi) Lohjanjärvi
41%
Perunasta valmistettava ruoka, jota pidetään maakunnan perinneruokana Inkoon{puuro}
12%
Ehtoja vastaavia visoja ei löytynyt
Tulosjakauma
Jokaisen tuloksen saaneiden osuus
Persentiili vastausten määrän mukaan
Tuloshistoriasi
Et ole pelannut tätä visaa sen viimeisimmän päivityksen jälkeen